[Event "Airthings Masters - Match Preliminari"]
[Site "Internet"]
[Date "03.02.2023"]
[Round "P1.2"]
[White "Chirila, Ioan-Cristian"]
[Black "Bortnyk, Olexandr"]
[Result "0-1"]
[WhiteTitle ""]
[BlackTitle ""]
[WhiteElo "2543"]
[BlackElo "2605"]
[WhiteFideId "1211668"]
[BlackFideId "14120828"]
[EventDate "2023.02.03"]
[EventType "k.o."]

1. e4 d6 2. d4 Nf6 3. Nc3 Nbd7 4. Nf3 e5 5. Bc4 Be7 6. O-O c6 7. a4 Qc7 8. h3 h6
9. Re1 O-O 10. Be3 Re8 11. Qd2 Bf8 12. Rad1 a6 13. Bd3 b5 14. axb5 axb5 15. Ne2
d5 16. Ng3 dxe4 17. Bxe4 Nxe4 18. Nxe4 f5 19. Ng3 f4 20. Bxf4 exf4 21. Rxe8 fxg3
22. d5 gxf2+ 23. Qxf2 cxd5 24. Nd4 Bb7 25. Nxb5 Qc4 26. Nd6 Qc5 27. Qxc5 Nxc5
28. Rde1 Ra6 29. Nxb7 Nxb7 30. Rf1 Rf6 31. Rxf6 gxf6 32. b4 Kf7 33. Rb8 Nd6 34.
b5 Nc4 35. Kf1 Bc5 36. Ke2 Ke6 37. Rh8 Nd6 38. Rxh6 Nxb5 39. Kd3 Nd6 40. Rh8 Nf7
41. Re8+ Kf5 0-1

[Event "Airthings Masters - Match Preliminari"]
[Site "Internet"]
[Date "03.02.2023"]
[Round "P1.2"]
[White "Sjugirov, Sanan"]
[Black "Tan, Zhongyi"]
[Result "1-0"]
[WhiteTitle ""]
[BlackTitle ""]
[WhiteElo "2712"]
[BlackElo "2530"]
[WhiteFideId "4189302"]
[BlackFideId "8603642"]
[EventDate "2023.02.03"]
[EventType "k.o."]

1. e4 c5 2. Nf3 d6 3. Bb5+ Bd7 4. Bxd7+ Qxd7 5. O-O Nc6 6. c3 Nf6 7. Qe2 e6 8.
d4 cxd4 9. cxd4 d5 10. e5 Ne4 11. Nbd2 Nxd2 12. Bxd2 Be7 13. g3 O-O 14. h4 Rfc8
15. Kg2 a5 16. Rac1 a4 17. a3 Bd8 18. h5 Na5 19. h6 g6 20. Bxa5 Bxa5 21. Nh2 Bd8
22. Ng4 Ra6 23. Qf3 Rac6 24. Nf6+ Bxf6 25. Qxf6 Kf8 26. Rxc6 Qxc6 27. Re1 Qc2
28. Re3 g5 29. Rc3 Qe4+ 30. Kh2 Re8 31. Qg7+ Ke7 32. Rc7+ 1-0

[Event "Airthings Masters - Match Preliminari"]
[Site "Internet"]
[Date "03.02.2023"]
[Round "P1.2"]
[White "Azarov, Sergei"]
[Black "Iniyan, P"]
[Result "0-1"]
[WhiteTitle ""]
[BlackTitle ""]
[WhiteElo "2559"]
[BlackElo "2514"]
[WhiteFideId "13501470"]
[BlackFideId "25002767"]
[EventDate "2023.02.03"]
[EventType "k.o."]

1. e4 c5 2. Nf3 d6 3. d4 cxd4 4. Nxd4 Nf6 5. Nc3 a6 6. Bg5 e6 7. f4 Nbd7 8. Qf3
Qc7 9. O-O-O b5 10. f5 e5 11. Nde2 Bb7 12. Bxf6 Nxf6 13. Ng3 Rc8 14. Bd3 b4 15.
Nce2 d5 16. Kb1 Be7 17. exd5 Bxd5 18. Ne4 Qc6 19. N2g3 Nd7 20. Nh5 g6 21. f6 Bd8
22. Nhg3 Nxf6 23. Rhf1 Kf8 24. Qf2 Kg7 25. Nxf6 Qxf6 26. Bf5 Be6 27. Bxe6 Qxe6
28. Ne4 Be7 29. g4 Rc4 30. Rde1 Rhc8 31. Re2 a5 32. g5 a4 33. Qh4 b3 34. Qh6+
Kh8 35. Nf6 Bxf6 36. gxf6 bxc2+ 37. Rxc2 Rg8 38. Rxc4 Qxc4 39. Qh3 Rc8 40. a3
Qc2+ 41. Ka1 Rb8 42. Rb1 Qc6 43. Qh4 h5 44. Qg5 Kh7 45. Qxe5 Rb6 46. Qd4 Qxf6
47. Qxa4 Qe5 48. Qc2 h4 49. Rf1 Kg7 50. Qd2 Rb3 51. Ka2 Re3 52. Rd1 Re2 53. Qd4
Qxd4 54. Rxd4 Rxh2 55. a4 h3 56. a5 g5 57. a6 Re2 58. a7 Re8 59. b4 Ra8 60. Rd1
Rxa7+ 61. Kb3 g4 0-1

[Event "Airthings Masters - Match Preliminari"]
[Site "Internet"]
[Date "03.02.2023"]
[Round "P1.2"]
[White "Narayanan, Srinath"]
[Black "Demidov, Mikhail"]
[Result "1/2-1/2"]
[WhiteTitle ""]
[BlackTitle ""]
[WhiteElo "2559"]
[BlackElo "2575"]
[WhiteFideId "5018420"]
[BlackFideId "4197143"]
[EventDate "2023.02.03"]
[EventType "k.o."]

1. d4 d5 2. Nf3 Nf6 3. c4 c6 4. e3 Bf5 5. Nc3 e6 6. Nh4 Be4 7. f3 Bg6 8. Nxg6
hxg6 9. Qc2 Bd6 10. Bd2 Bg3+ 11. Kd1 Nbd7 12. Ne2 Bd6 13. h4 Rc8 14. g4 c5 15.
g5 Nh7 16. cxd5 cxd4 17. Qa4 Nxg5 18. Nxd4 exd5 19. Bd3 Kf8 20. Bc2 Nc5 21. Qb5
a6 22. Qe2 Nge6 23. h5 gxh5 24. Nf5 Be5 25. Bb4 g6 26. Nd4 Kg7 27. Nxe6+ Nxe6
28. f4 Bxb2 29. Rb1 Bc3 30. f5 Bxb4 31. fxe6 a5 32. exf7 d4 33. Rg1 dxe3+ 34.
Bd3 Rc6 35. Qxe3 Rf8 36. Qe5+ Kh6 37. Qe3+ Kg7 38. Qe5+ Kh6 39. Qe3+ Kg7 1/2-1/2

[Event "Airthings Masters - Match Preliminari"]
[Site "Internet"]
[Date "03.02.2023"]
[Round "P1.2"]
[White "Swiercz, Dariusz"]
[Black "Oparin, Grigoriy"]
[Result "1/2-1/2"]
[WhiteTitle ""]
[BlackTitle ""]
[WhiteElo "2646"]
[BlackElo "2667"]
[WhiteFideId "1126881"]
[BlackFideId "24125890"]
[EventDate "2023.02.03"]
[EventType "k.o."]

1. d4 Nf6 2. Nf3 d5 3. Bf4 e6 4. e3 c5 5. c3 Nc6 6. Nbd2 cxd4 7. exd4 Nh5 8. Bg5
f6 9. Be3 Bd6 10. Ne5 g6 11. Nd3 O-O 12. g3 e5 13. Qb3 Be6 14. Bg2 e4 15. Nc5
Bxc5 16. dxc5 Ng7 17. Qxb7 Ne5 18. O-O Rb8 19. Qxa7 Nf5 20. b4 Nxe3 21. fxe3 f5
22. Nb3 Nc4 23. Nd4 Qe8 24. c6 Rb6 25. a4 Rf7 26. c7 Qc8 27. a5 Rb7 28. Qa6 Bd7
29. b5 Qxc7 30. b6 Qb8 31. Rfb1 Rf8 32. Re1 g5 33. Bf1 Ne5 34. Qe2 f4 35. exf4
gxf4 36. Qh5 Bg4 37. Qh4 Rg7 38. Ra2 Bf3 39. Ne6 Bg4 40. Nd4 Bf3 41. Bg2 Bxg2
42. Rxg2 f3 43. Rf2 Nd3 44. Re3 Nxf2 45. Kxf2 Qa8 46. Nb3 Qa6 47. Qh5 Qb5 48.
Nd2 Qxa5 49. Rxe4 Qxb6+ 50. Rd4 Qe6 51. Qxd5 Qxd5 52. Rxd5 Rc7 53. Rd3 Rfc8 54.
Ne4 Rc4 55. Re3 Kg7 56. Kxf3 Rf8+ 57. Ke2 Re8 58. Kd3 Rc7 59. Re2 Rd7+ 60. Ke3
Rde7 61. Kf3 Rf7+ 62. Ke3 Rfe7 63. Kd3 Rd7+ 64. Kc4 Rde7 65. Kd4 Rd7+ 66. Ke3
Rde7 1/2-1/2

[Event "Airthings Masters - Match Preliminari"]
[Site "Internet"]
[Date "03.02.2023"]
[Round "P1.2"]
[White "Malakhov, Vladimir"]
[Black "Drygalov, Sergey"]
[Result "1/2-1/2"]
[WhiteTitle ""]
[BlackTitle ""]
[WhiteElo "2650"]
[BlackElo "2547"]
[WhiteFideId "4120787"]
[BlackFideId "24171743"]
[EventDate "2023.02.03"]
[EventType "k.o."]

1. e4 c5 2. Nf3 d6 3. Bb5+ Nd7 4. d4 cxd4 5. Nxd4 Nf6 6. O-O a6 7. Bd3 e6 8. c4
Qc7 9. Nc3 b6 10. Be3 Be7 11. Rc1 Bb7 12. f3 O-O 13. Qd2 Rac8 14. Rfd1 Qb8 15.
Bf1 Bd8 16. Kh1 Bc7 17. h3 Rfe8 18. b4 Ne5 19. Qf2 Ng6 20. Nb3 Ba8 21. c5 b5 22.
cxd6 Bxd6 23. Nc5 Bg3 24. Qg1 Bb7 25. a4 bxa4 26. N3xa4 Rcd8 27. Nb6 Nf8 28.
Bxa6 Bxa6 29. Nxa6 Qe5 30. Nc5 Nh5 31. Qf1 Qb2 32. Nd3 Qb3 33. Qe2 Ng6 34. Qc2
Qxc2 35. Rxc2 f5 36. Rcd2 fxe4 37. fxe4 Rf8 38. Nf2 Rxd2 39. Rxd2 Nf6 40. Kg1
Ne5 41. Bc5 Rb8 42. Ra2 Bxf2+ 43. Rxf2 Nd3 44. Rd2 Nxb4 45. e5 Nfd5 46. Nxd5
Nxd5 47. Bd6 Rc8 48. g3 Rc3 49. Kh2 Ne3 50. g4 Rc2 51. Rxc2 Nxc2 52. Kg3 Kf7 53.
Kf4 Nd4 54. Ke4 Nc6 55. Kd3 Ke8 56. Kc4 Kd7 57. h4 g6 58. h5 gxh5 59. gxh5 Nd8
60. Kd4 Nf7 61. Ba3 Kc6 62. Be7 Kd7 63. Bf6 Nh6 64. Kc5 Nf5 65. Kb6 Ng3 66. h6
Nf5 67. Bg5 Nd4 68. Kc5 Nf5 69. Bf4 Nh4 70. Be3 Nf5 71. Bg5 Ng3 72. Kd4 Nf5+ 73.
Ke4 Ke8 74. Bc1 Kd7 75. Kf4 Nxh6 76. Kg5 Nf7+ 77. Kf6 Nxe5 78. Kxe5 h5 79. Kf4
h4 80. Kg4 h3 81. Kxh3 e5 82. Bf4 e4 83. Bh6 e3 84. Bxe3 1/2-1/2

[Event "Airthings Masters - Match Preliminari"]
[Site "Internet"]
[Date "03.02.2023"]
[Round "P1.2"]
[White "Svidler, Peter"]
[Black "Aronian, Levon"]
[Result "1/2-1/2"]
[WhiteTitle ""]
[BlackTitle ""]
[WhiteElo "2683"]
[BlackElo "2736"]
[WhiteFideId "4102142"]
[BlackFideId "13300474"]
[EventDate "2023.02.03"]
[EventType "k.o."]

1. e4 g6 2. d4 Bg7 3. Nf3 d6 4. h3 Nf6 5. Nc3 a6 6. Be3 b5 7. Bd3 Bb7 8. e5 Nd5
9. Nxd5 Bxd5 10. a4 b4 11. Qe2 O-O 12. O-O Nc6 13. Bc4 dxe5 14. dxe5 Bxf3 15.
Qxf3 Nxe5 16. Qe4 Nxc4 17. Qxc4 a5 18. Rad1 Qc8 19. b3 e6 20. Rd3 Qa6 21. Qc5
Rfc8 22. Rfd1 Bf8 23. Qg5 Qc6 24. Qf6 Bg7 25. Rd8+ Rxd8 26. Rxd8+ Rxd8 27. Qxd8+
Bf8 28. Bh6 Qd6 29. Qa8 c5 30. Bxf8 Qxf8 31. Qxa5 Qd6 32. Qa8+ Kg7 33. Qe4 e5
34. a5 h5 35. a6 1/2-1/2

[Event "Airthings Masters - Match Preliminari"]
[Site "Internet"]
[Date "03.02.2023"]
[Round "P1.2"]
[White "Le, Tuan Minh"]
[Black "Ponkratov, Pavel"]
[Result "1-0"]
[WhiteTitle ""]
[BlackTitle ""]
[WhiteElo "2542"]
[BlackElo "2577"]
[WhiteFideId "12401153"]
[BlackFideId "4157800"]
[EventDate "2023.02.03"]
[EventType "k.o."]

1. d4 d5 2. Nf3 Nf6 3. Bf4 c5 4. c3 Nc6 5. e3 Bg4 6. Qb3 Qc8 7. Nbd2 c4 8. Qd1
e6 9. h3 Bh5 10. Be2 Be7 11. Ne5 Bxe2 12. Qxe2 Nxe5 13. Bxe5 O-O 14. e4 b5 15.
O-O dxe4 16. Nxe4 Nd5 17. a4 f6 18. Bd6 b4 19. Bxe7 Nxe7 20. cxb4 Nf5 21. Nc5
Rd8 22. Rad1 Rd5 23. Rfe1 Nxd4 24. Qxc4 Qc6 25. Rxd4 1-0

[Event "Airthings Masters - Match Preliminari"]
[Site "Internet"]
[Date "03.02.2023"]
[Round "P1.2"]
[White "Matlakov, Maxim"]
[Black "Chigaev, Maksim"]
[Result "0-1"]
[WhiteTitle ""]
[BlackTitle ""]
[WhiteElo "2662"]
[BlackElo "2632"]
[WhiteFideId "4168003"]
[BlackFideId "4108116"]
[EventDate "2023.02.03"]
[EventType "k.o."]

1. d4 Nf6 2. c4 g6 3. Nc3 Bg7 4. g3 O-O 5. Bg2 d6 6. Nf3 Nbd7 7. O-O e5 8. e4 c6
9. h3 Qb6 10. Re1 exd4 11. Nxd4 Re8 12. Nc2 Nh5 13. Re3 Nc5 14. Kh2 a5 15. b3
Be6 16. Rb1 Rad8 17. Bb2 Nf6 18. Nd4 h5 19. Nxe6 Nxe6 20. Ne2 h4 21. gxh4 Qc5
22. Ng3 Nf4 23. Qf3 N6h5 24. Bxg7 Kxg7 25. Qg4 Qe5 26. Rd1 Nf6 27. Qg5 Ne6 28.
Qxe5 dxe5 29. Ree1 Rh8 30. Ne2 Rxh4 31. Rxd8 Nxd8 32. Kg3 Rh8 33. f4 Nh5+ 34.
Kg4 Ne6 35. fxe5 Rd8 36. Ng3 Nhf4 37. Bf3 Nd3 38. Rf1 Nxe5+ 0-1

[Event "Airthings Masters - Match Preliminari"]
[Site "Internet"]
[Date "03.02.2023"]
[Round "P1.2"]
[White "Ibarra Jerez, Jose Carlos"]
[Black "Theodorou, Nikolas"]
[Result "1/2-1/2"]
[WhiteTitle ""]
[BlackTitle ""]
[WhiteElo "2563"]
[BlackElo "2584"]
[WhiteFideId "2226332"]
[BlackFideId "4262875"]
[EventDate "2023.02.03"]
[EventType "k.o."]

1. e4 c5 2. Nc3 Nc6 3. Nf3 g6 4. d4 cxd4 5. Nxd4 Bg7 6. Be3 Nf6 7. Bc4 d6 8. f3
O-O 9. Bb3 Qa5 10. Qd2 Nxd4 11. Bxd4 Be6 12. O-O-O b5 13. Kb1 b4 14. Nd5 Bxd5
15. exd5 Qb5 16. Rhe1 a5 17. Qe2 Qxe2 18. Rxe2 a4 19. Bc4 Rfc8 20. Bb5 Ra5 21.
Bxf6 Bxf6 22. Bc6 1/2-1/2

[Event "Airthings Masters - Match Preliminari"]
[Site "Internet"]
[Date "03.02.2023"]
[Round "P1.2"]
[White "Dreev, Aleksey"]
[Black "Dominguez Perez, Leinier"]
[Result "1-0"]
[WhiteTitle ""]
[BlackTitle ""]
[WhiteElo "2606"]
[BlackElo "2743"]
[WhiteFideId "4100107"]
[BlackFideId "3503240"]
[EventDate "2023.02.03"]
[EventType "k.o."]

1. d4 d5 2. c4 dxc4 3. Nf3 Nf6 4. e3 e6 5. Bxc4 a6 6. O-O c5 7. b3 cxd4 8. Nxd4
Be7 9. Bb2 O-O 10. Nd2 b5 11. Be2 Bb7 12. Bf3 Nd5 13. Rc1 Qb6 14. Qc2 Nd7 15.
Nc6 Qxc6 16. Qxc6 Bxc6 17. Rxc6 Nb4 18. Rc7 Rad8 19. Ne4 f5 20. Ng3 Nd3 21. Rd1
Nxb2 22. Rdxd7 Bf6 23. Be2 Rxd7 24. Rxd7 Rc8 25. Rd6 Rc1+ 26. Bf1 Kf7 27. Rxa6
Nd1 28. Ra7+ Kf8 29. Ne2 Ra1 30. g3 e5 31. Kg2 b4 32. Ra4 Be7 33. Ra5 Bf6 34.
Ra8+ Ke7 35. Ra4 Nc3 36. Rxb4 Nxe2 37. Bxe2 Rxa2 38. Bc4 e4 39. Rb5 g6 40. Rb7+
Kd6 41. Rb6+ Ke7 42. Re6+ 1-0

[Event "Airthings Masters - Match Preliminari"]
[Site "Internet"]
[Date "03.02.2023"]
[Round "P1.2"]
[White "Alekseenko, Kirill"]
[Black "Pranav, V"]
[Result "0-1"]
[WhiteTitle ""]
[BlackTitle ""]
[WhiteElo "2686"]
[BlackElo "2545"]
[WhiteFideId "4135539"]
[BlackFideId "25060783"]
[EventDate "2023.02.03"]
[EventType "k.o."]

1. e4 e5 2. Nf3 Nc6 3. Bc4 Nf6 4. d3 h6 5. a4 d6 6. a5 a6 7. Nc3 g6 8. h3 Bg7 9.
Be3 Be6 10. Qd2 g5 11. Bxe6 fxe6 12. Qe2 Qe7 13. O-O O-O 14. Nh2 d5 15. Na4 Rf7
16. Bc5 Qe8 17. Rfe1 Rd8 18. b4 dxe4 19. dxe4 Nd4 20. Qc4 Nh5 21. Rad1 Qxa4 22.
Bxd4 exd4 23. Qxe6 Nf4 24. Qc4 Qc6 25. Qa2 Qe6 26. Qa3 Rdf8 27. e5 Qc6 28. Qg3
Qxc2 29. Kh1 Ne6 30. Ng4 Qf5 31. Rd3 Qf4 0-1

[Event "Airthings Masters - Match Preliminari"]
[Site "Internet"]
[Date "03.02.2023"]
[Round "P1.2"]
[White "Kovalev, Vladislav"]
[Black "Maghsoodloo, Parham"]
[Result "1/2-1/2"]
[WhiteTitle ""]
[BlackTitle ""]
[WhiteElo "2623"]
[BlackElo "2728"]
[WhiteFideId "13504398"]
[BlackFideId "12539929"]
[EventDate "2023.02.03"]
[EventType "k.o."]

1. Nf3 d5 2. c4 e6 3. e3 Nf6 4. b3 Nbd7 5. Bb2 a6 6. Be2 b6 7. O-O Bb7 8. d4 Bd6
9. Nbd2 O-O 10. Ne5 Qe7 11. Rc1 Rac8 12. cxd5 exd5 13. Nc6 Qe6 14. Qc2 Nb8 15.
Nxb8 Rxb8 16. Bd3 Ne4 17. Bxe4 dxe4 18. Nc4 Bd5 19. Nxd6 cxd6 20. Qe2 b5 21. Rc7
Rbc8 22. Rfc1 Bc4 23. d5 Qg6 24. R1xc4 bxc4 25. Qxc4 Rxc7 26. Qxc7 Qh5 27. h3
Qxd5 28. Bd4 h6 29. Qc3 f6 30. a4 a5 31. b4 axb4 32. Qxb4 Ra8 33. Kh2 Kh7 34.
Qa3 1/2-1/2

[Event "Airthings Masters - Match Preliminari"]
[Site "Internet"]
[Date "03.02.2023"]
[Round "P1.2"]
[White "Muradli, Mahammad"]
[Black "Robson, Ray"]
[Result "1/2-1/2"]
[WhiteTitle ""]
[BlackTitle ""]
[WhiteElo "2539"]
[BlackElo "2702"]
[WhiteFideId "13409301"]
[BlackFideId "2023970"]
[EventDate "2023.02.03"]
[EventType "k.o."]

1. d4 Nf6 2. c4 e6 3. Nf3 d5 4. g3 Bb4+ 5. Bd2 Be7 6. Bg2 O-O 7. O-O Nbd7 8. Qc2
c6 9. Bf4 b6 10. Nbd2 Nh5 11. e3 Bb7 12. h4 Rc8 13. Rac1 h6 14. Rfd1 c5 15. dxc5
Nxf4 16. exf4 Bxc5 17. Qb1 Qe7 18. cxd5 Bxd5 19. Ne4 Rfd8 20. Nxc5 Rxc5 21. Rxc5
Nxc5 22. Ne5 Bxg2 23. Kxg2 Qb7+ 24. Kg1 Rd5 25. Qc2 f6 26. Ng6 Kf7 27. Nh8+ Kg8
28. Ng6 Kf7 29. Nh8+ Kg8 30. Ng6 1/2-1/2

[Event "Airthings Masters - Match Preliminari"]
[Site "Internet"]
[Date "03.02.2023"]
[Round "P1.2"]
[White "Narayanan, S.L."]
[Black "Hakobyan, Aram"]
[Result "0-1"]
[WhiteTitle ""]
[BlackTitle ""]
[WhiteElo "2669"]
[BlackElo "2620"]
[WhiteFideId "5058422"]
[BlackFideId "13306677"]
[EventDate "2023.02.03"]
[EventType "k.o."]

1. e4 e5 2. Nf3 Nc6 3. Bc4 Bc5 4. d3 d6 5. O-O Nf6 6. c3 a6 7. a4 Ba7 8. Bg5 h6
9. Bh4 g5 10. Bg3 Nh7 11. d4 h5 12. h4 Bg4 13. dxe5 gxh4 14. Bf4 h3 15. g3 dxe5
16. Qxd8+ Rxd8 17. Nxe5 Nxe5 18. Bxe5 Rg8 19. Bf4 Ng5 20. Bxg5 Rxg5 21. Kh2 Ke7
22. b4 Bf3 23. Ra2 h4 24. gxh4 Rg2+ 25. Kxh3 Rg7 26. Nd2 Bg2+ 27. Kh2 Rh8 0-1

[Event "Airthings Masters - Match Preliminari"]
[Site "Internet"]
[Date "03.02.2023"]
[Round "P1.2"]
[White "Vasquez Schroeder, Rodrigo"]
[Black "Gledura, Benjamin"]
[Result "1/2-1/2"]
[WhiteTitle ""]
[BlackTitle ""]
[WhiteElo "2513"]
[BlackElo "2633"]
[WhiteFideId "3400042"]
[BlackFideId "712779"]
[EventDate "2023.02.03"]
[EventType "k.o."]

1. d4 Nf6 2. Nf3 g6 3. c4 Bg7 4. Nc3 d5 5. cxd5 Nxd5 6. e4 Nxc3 7. bxc3 c5 8. h3
O-O 9. Be2 b6 10. O-O Bb7 11. Qd3 e6 12. Rd1 Qd7 13. Rb1 Ba6 14. Qe3 Bxe2 15.
Qxe2 Qa4 16. Be3 cxd4 17. cxd4 Nc6 18. Rbc1 Rac8 19. Qc4 Qxc4 20. Rxc4 Na5 21.
Rcc1 Nc4 22. Kf1 Nxe3+ 23. fxe3 Rfd8 24. e5 Kf8 25. Ke2 Ke7 26. Kd3 f6 27. exf6+
Bxf6 28. Ke4 Kd6 29. Nd2 Rxc1 30. Rxc1 Kd7 31. a4 Rc8 32. Rf1 Ke7 33. Kd3 h6 34.
Ne4 Bg7 35. g4 Rd8 36. Rc1 Rd7 37. Rc6 g5 38. Kc4 Bf8 39. Rc8 Kf7 40. Nc3 a6 41.
Ra8 Rc7+ 42. Kb3 a5 43. Rb8 Bb4 44. Ne4 Rc1 45. Rb7+ Kf8 46. Rxb6 Re1 47. Rxe6
Rxe3+ 48. Kc4 Rxh3 49. Nd6 Rh4 50. Nf5 Rxg4 51. Rxh6 Rf4 52. Rf6+ Ke8 53. Kd5
Kd8 54. Ke5 Rf1 55. Rg6 Ra1 56. Rxg5 Rxa4 57. Kd5 Ra3 58. Kc6 Rc3+ 59. Kb5 Kd7
60. Rg6 Rf3 61. Rg5 Ke6 62. Nh4 Rf4 63. Re5+ Kf6 64. Rh5 Rxd4 65. Nf3 Rf4 66.
Ne5 Bc3 67. Nc4 Kg6 68. Rd5 a4 69. Rd6+ Kf7 70. Ra6 Rxc4 71. Kxc4 Bb2 72. Rxa4
Ke6 1/2-1/2

[Event "Airthings Masters - Match Preliminari"]
[Site "Internet"]
[Date "03.02.2023"]
[Round "P1.2"]
[White "Mitrabha, Guha"]
[Black "Martinez Alcantara, Jose Eduardo"]
[Result "1/2-1/2"]
[WhiteTitle ""]
[BlackTitle ""]
[WhiteElo "2510"]
[BlackElo "2607"]
[WhiteFideId "5057000"]
[BlackFideId "3805662"]
[EventDate "2023.02.03"]
[EventType "k.o."]

1. d4 Nf6 2. c4 e6 3. g3 Bb4+ 4. Nd2 O-O 5. Bg2 d5 6. Nf3 b6 7. O-O Bb7 8. Ne5
Nbd7 9. Qa4 Bd6 10. Nxd7 Qxd7 11. Qxd7 Nxd7 12. cxd5 exd5 13. Nc4 Rfe8 14. Nxd6
cxd6 15. e3 Nf6 16. Bd2 Ne4 17. Bb4 a5 18. Ba3 b5 19. Bxe4 dxe4 20. Bxd6 Rec8
21. Bc5 Bd5 22. Kg2 f6 23. g4 Kf7 24. Kg3 h5 25. gxh5 Rh8 26. Kg2 Ra6 27. b3
Rxh5 28. Rfc1 f5 29. Ba3 Rg6+ 30. Kf1 b4 31. Rc5 f4 32. Bb2 f3 33. Ke1 Rxh2 1/2-1/2

[Event "Airthings Masters - Match Preliminari"]
[Site "Internet"]
[Date "03.02.2023"]
[Round "P1.2"]
[White "Kamsky, Gata"]
[Black "Lenderman, Aleksandr"]
[Result "1/2-1/2"]
[WhiteTitle ""]
[BlackTitle ""]
[WhiteElo "2664"]
[BlackElo "2572"]
[WhiteFideId "2000024"]
[BlackFideId "2021285"]
[EventDate "2023.02.03"]
[EventType "k.o."]

1. e4 e5 2. Nf3 Nf6 3. Nxe5 d6 4. Nf3 Nxe4 5. Qe2 Qe7 6. d3 Nf6 7. Bg5 Qxe2+ 8.
Bxe2 Be7 9. Nc3 c6 10. Ne4 Nxe4 11. dxe4 Bxg5 12. Nxg5 h6 13. Nf3 Nd7 14. O-O-O
Nf6 15. Rhe1 Ke7 16. e5 dxe5 17. Nxe5 Be6 18. Bc4 Rhe8 19. Nd3 Nd7 20. Bxe6 fxe6
21. Re4 Rad8 22. Rde1 Kf7 23. a4 Re7 24. Rd4 Rde8 25. a5 e5 26. Rde4 b6 27. f3
Re6 28. b3 c5 29. Kd2 b5 30. f4 exf4 31. Rxf4+ Kg6 32. Rxe6+ Rxe6 33. g4 Rd6 34.
Ke2 Re6+ 35. Kd2 Rd6 36. Ke2 Re6+ 37. Kd2 1/2-1/2

[Event "Airthings Masters - Match Preliminari"]
[Site "Internet"]
[Date "03.02.2023"]
[Round "P1.2"]
[White "Tabatabaei, M. Amin"]
[Black "Vidit, Santosh Gujrathi"]
[Result "1/2-1/2"]
[WhiteTitle ""]
[BlackTitle ""]
[WhiteElo "2677"]
[BlackElo "2730"]
[WhiteFideId "12521213"]
[BlackFideId "5029465"]
[EventDate "2023.02.03"]
[EventType "k.o."]

1. d4 Nf6 2. Nf3 d5 3. c3 e6 4. Bg5 c5 5. e3 Qb6 6. Qb3 Nc6 7. Nbd2 Bd6 8. Be2
Bd7 9. O-O O-O 10. Rfd1 cxd4 11. Qxb6 axb6 12. exd4 Ne8 13. Bh4 f5 14. Ne1 h6
15. f3 g5 16. Bf2 f4 17. Nd3 Ng7 18. g4 fxg3 19. Bxg3 Nf5 20. Bxd6 Nxd6 21. Rf1
Ne7 22. Ne5 Bc6 23. Bd3 b5 24. Nb3 b6 25. Rae1 Be8 26. a3 Kg7 27. Rf2 Nc4 28.
Nc1 Nxe5 29. Rxe5 Rf6 30. Ne2 Nc6 31. Re3 Na5 32. f4 Nc4 33. Bxc4 bxc4 34. Rg2
Rg6 35. fxg5 hxg5 36. Re5 Kf6 37. Ng3 Ke7 38. Nf5+ Kf6 39. Ne3 Bf7 40. Ng4+ Ke7
41. Re3 Rg7 42. Ne5 Rag8 43. Reg3 Bh5 44. Rh3 Be8 45. Rh6 Rf8 46. Re2 Rf6 47.
Rxf6 Kxf6 48. Kg2 Bg6 49. Kg3 Bf5 50. Rf2 Rh7 51. Kg2 Ke7 52. Nf3 Kf6 53. Nd2 b5
54. Nf1 Rh4 55. Ng3 Kg6 56. Re2 Kf6 57. Rf2 Kg6 58. Re2 Bh3+ 59. Kg1 Rf4 60. Rf2
Bg4 61. Kg2 Bh3+ 62. Kg1 Bg4 63. Kg2 Bh3+ 64. Kg1 1/2-1/2

[Event "Airthings Masters - Match Preliminari"]
[Site "Internet"]
[Date "03.02.2023"]
[Round "P1.2"]
[White "Radjabov, Teimour"]
[Black "Yoo, Christopher Woojin"]
[Result "0-1"]
[WhiteTitle ""]
[BlackTitle ""]
[WhiteElo "2747"]
[BlackElo "2589"]
[WhiteFideId "13400924"]
[BlackFideId "30909694"]
[EventDate "2023.02.03"]
[EventType "k.o."]

1. d4 Nf6 2. Nc3 d5 3. Bf4 a6 4. Nf3 e6 5. e3 b5 6. Bd3 Bb7 7. O-O c5 8. Re1
Nbd7 9. Ne5 Be7 10. Qf3 c4 11. Bf1 O-O 12. a3 Nxe5 13. dxe5 Nd7 14. Rad1 Qb6 15.
Qg3 Rfe8 16. Be2 a5 17. Bh5 b4 18. Ne4 c3 19. bxc3 bxa3 20. Ng5 g6 21. Qh3 Nf8
22. Bf3 a2 23. Qh6 Rab8 24. h4 Bc6 25. h5 Qb1 26. Kh2 a1=Q 27. Kg3 Qxd1 28. Bxd1
Rb1 29. Nxh7 Qxc3 30. Rh1 Rxd1 31. Rxd1 Bh4+ 32. Kxh4 Nxh7 33. hxg6 fxg6 34.
Qxg6+ Kh8 35. Rh1 Rg8 36. Qxe6 Qxc2 37. Bg3 Qe4+ 38. f4 Qxg2 39. Rh3 Be8 40. Qd6
Qf3 41. Qe6 Qh5# 0-1

[Event "Airthings Masters - Match Preliminari"]
[Site "Internet"]
[Date "03.02.2023"]
[Round "P1.2"]
[White "Antipov, Mikhail Al."]
[Black "Indjic, Aleksandar"]
[Result "1-0"]
[WhiteTitle ""]
[BlackTitle ""]
[WhiteElo "2581"]
[BlackElo "2641"]
[WhiteFideId "4107012"]
[BlackFideId "911925"]
[EventDate "2023.02.03"]
[EventType "k.o."]

1. e4 e5 2. Nf3 Nc6 3. Nc3 Nf6 4. Bb5 Nd4 5. Nxe5 Qe7 6. f4 Nxb5 7. Nxb5 d6 8.
Nf3 Qxe4+ 9. Kf2 Ng4+ 10. Kg1 Kd8 11. h3 Nf6 12. d3 Qe8 13. c4 a6 14. Nbd4 c5
15. Nc2 Kc7 16. b4 h5 17. Be3 Bd7 18. Qd2 Bc6 19. Rb1 a5 20. bxc5 dxc5 21. d4
Ne4 22. Qe1 Ba4 23. Na3 cxd4 24. Bxd4 Bxa3 25. Be5+ Nd6 26. Qe3 f6 27. Qb6+ Kd7
28. Bxd6 Ra6 29. Qc7+ Ke6 30. Nd4# 1-0